Finland OECD economic surveys 2001-2002

Enregistré dans:
Détails bibliographiques
Format: Livre
Langue:anglais
Publié: Paris OECD 2002
Collection:Economics
Sujets:
Tags: Ajouter un tag
Pas de tags, Soyez le premier à ajouter un tag!

MARC

LEADER 00000nam a2200000 4500
001 c131843
005 20230719114704.1
020 |a 92-64-19144-5 
022 |a 0376-6438 
041 0 |a eng 
044 |a FR 
245 1 0 |a Finland  |b OECD economic surveys 2001-2002 
264 1 |a Paris  |b OECD  |c 2002 
300 |a 151 s. 
490 1 |a Economics 
830 0 |a Economics 
610 2 0 |a situácia hospodárska 
610 2 0 |a reformy štruktúrne 
610 2 0 |a ukazovatele ekonomické 
610 2 0 |a Fínsko 
610 2 0 |a rast hospodársky 
610 2 0 |a porovnanie medzinárodné 
610 2 0 |a porovnanie štatistické medzinárodné 
610 2 0 |a Európska únia 
610 2 0 |a OECD